| 000 | 00548pam a2200205 a 4500 | ||
|---|---|---|---|
| 020 | _c | ||
| 040 | _aMedical College Libr | ||
| 041 |
_aENG _hENG |
||
| 082 |
_a618.929975 _bSHA |
||
| 100 | _aShah, B. R. . | ||
| 245 |
_aAtlas of Pediatric Clinical Diagnosis / _c _hTextual Documents |
||
| 260 |
_aLondon : _bW. B. Saunders , _c2000. |
||
| 300 |
_a867 ; _c |
||
| 365 | _a3,642=00 | ||
| 653 |
_aPaediatrics _aMedical Science |
||
| 700 | _aLaude, T. A. . | ||
| 930 | _a1228 | ||
| 999 |
_c1227 _d1227 |
||